Introducción a la antropología social

Guardat en:
Dades bibliogràfiques
Autor principal: Mair, Lucy (autora)
Format: Llibre
Idioma:espanyol
Publicat: Madrid Alianza Editorial 1973
Matèries:
Etiquetes: Afegir etiqueta
Sense etiquetes, Sigues el primer a etiquetar aquest registre!

MARC

LEADER 00000nam a2200000 a 4500
001 UCM8870
003 CL-VaPUC
008 030404e19730000SP |||||||||||||||||spa|d
082 0 4 |a 306  |b MAI  |2 21 
100 |a Mair, Lucy  |e autora  |9 475141 
245 1 0 |a Introducción a la antropología social 
300 |a 304 p 
942 |c BK 
945 |d 20030404 00:00:00  |a cmena 
260 |a Madrid  |b Alianza Editorial  |c 1973 
650 0 |a Antropología social  |9 306264 
650 0 |a Historia  |9 255047 
650 0 |a Filosofía   |9 223554 
650 0 |a Familias   |9 255641 
650 0 |a Política  |9 255312 
650 0 |a Religión   |9 255164 
650 7 |a MERCANXIAS  |2 CL-VaPUC  |9 436907 
650 7 |a LEY  |2 CL-VaPUC  |9 475143 
583 |a last modification  |c 20030404 00:00:00  |k Rodrigo Vera 
999 |c 303288  |d 303286 
952 |0 0  |1 0  |4 0  |6 306_000000000000000_MAI_1973  |7 0  |8 A  |9 364488  |a BIBEDU  |b BIBEDU  |d 2019-11-21  |i 3890260  |o 306 MAI 1973  |p 3890260  |r 2019-11-21  |w 2019-11-21  |y BK  |k BME